Essentials of human anatomy and physiology / (Record no. 19820)
[ view plain ]
| 000 -LEADER | |
|---|---|
| fixed length control field | 00700nam a2200265 a 4500 |
| 005 - DATE AND TIME OF LATEST TRANSACTION | |
| control field | 20140310183159.0 |
| 008 - FIXED-LENGTH DATA ELEMENTS--GENERAL INFORMATION | |
| fixed length control field | 021017s19uu xx 00 eng d |
| 020 ## - INTERNATIONAL STANDARD BOOK NUMBER | |
| International Standard Book Number | 9814058769 |
| 050 ## - LIBRARY OF CONGRESS CALL NUMBER | |
| Classification number | QP 34.5 |
| Item number | .M455 2002 |
| 100 ## - MAIN ENTRY--PERSONAL NAME | |
| Personal name | Marieb, Elaine N. |
| 245 ## - TITLE STATEMENT | |
| Title | Essentials of human anatomy and physiology / |
| Statement of responsibility, etc | Elaine N. Marieb. |
| 250 ## - EDITION STATEMENT | |
| Edition statement | 6th ed. |
| 260 ## - PUBLICATION, DISTRIBUTION, ETC. (IMPRINT) | |
| Place of publication, distribution, etc | Singapore : |
| Name of publisher, distributor, etc | Pearson Education Asia Pte Ltd., |
| Date of publication, distribution, etc | 2002. |
| 300 ## - PHYSICAL DESCRIPTION | |
| Extent | 558 p. : |
| Other physical details | ill. ; |
| Dimensions | 27 cm. |
| 521 ## - TARGET AUDIENCE NOTE | |
| Target audience note | |
| 650 ## - SUBJECT ADDED ENTRY--TOPICAL TERM | |
| Topical term or geographic name as entry element | Human physiology |
| 650 ## - SUBJECT ADDED ENTRY--TOPICAL TERM | |
| Topical term or geographic name as entry element | Human anatomy |
| 650 ## - SUBJECT ADDED ENTRY--TOPICAL TERM | |
| Topical term or geographic name as entry element | Anatomy |
| 650 ## - SUBJECT ADDED ENTRY--TOPICAL TERM | |
| Topical term or geographic name as entry element | Physiology |
| 942 ## - ADDED ENTRY ELEMENTS (KOHA) | |
| Koha item type | Books |
| Source of classification or shelving scheme | Library of Congress Classification |
| Call number prefix | Foreign |
| Withdrawn status | Lost status | Source of classification or shelving scheme | Damaged status | Home library | Current library | Shelving location | Date acquired | Total Checkouts | Full call number | Barcode | Date last seen | Copy number | Price effective from | Koha item type | Total Renewals | Date checked out |
|---|---|---|---|---|---|---|---|---|---|---|---|---|---|---|---|---|
| Library of Congress Classification | College Library | College Library | General Circulation Section | 01/22/2003 | QP 34.5 .M455 2002 | C1905 | 05/15/2018 | 1 | 03/10/2014 | Books | ||||||
| Library of Congress Classification | College Library | College Library | General Circulation Section | 12/12/2013 | QP 34.5 .M455 2002 | C1904 | 05/15/2018 | 2 | 12/12/2013 | Books | ||||||
| Library of Congress Classification | College Library | College Library | General Circulation Section | 12/12/2013 | 1 | QP 34.5 .M455 2002 | C1425 | 08/17/2018 | 3 | 12/12/2013 | Books | 2 | 08/09/2018 | |||
| Library of Congress Classification | College Library | College Library | General Circulation Section | 12/12/2013 | 1 | QP 34.5 .M455 2002 | C1305 | 05/15/2018 | 4 | 12/12/2013 | Books | 1 | 07/02/2015 |